<?xml version="1.0" encoding="UTF-8"?>
<record
    xmlns:xsi="http://www.w3.org/2001/XMLSchema-instance"
    xsi:schemaLocation="http://www.loc.gov/MARC21/slim http://www.loc.gov/standards/marcxml/schema/MARC21slim.xsd"
    xmlns="http://www.loc.gov/MARC21/slim">

  <leader>01627nam a2200349 u 4500</leader>
  <controlfield tag="001">1265981</controlfield>
  <controlfield tag="005">20260508071701.0</controlfield>
  <controlfield tag="008">111125s2011                        spa  </controlfield>
  <datafield tag="020" ind1=" " ind2=" ">
    <subfield code="a">9786071505019</subfield>
  </datafield>
  <datafield tag="020" ind1=" " ind2=" ">
    <subfield code="a">9781456231279</subfield>
  </datafield>
  <datafield tag="035" ind1=" " ind2=" ">
    <subfield code="a">1265981</subfield>
  </datafield>
  <datafield tag="040" ind1=" " ind2=" ">
    <subfield code="c">comduadb</subfield>
  </datafield>
  <datafield tag="041" ind1=" " ind2=" ">
    <subfield code="a">spa</subfield>
  </datafield>
  <datafield tag="082" ind1=" " ind2="4">
    <subfield code="a">515</subfield>
  </datafield>
  <datafield tag="100" ind1="1" ind2="0">
    <subfield code="a">Zill, Dennis G.,</subfield>
    <subfield code="d">1940-</subfield>
    <subfield code="4">aut</subfield>
    <subfield code="0">(isni)0000 0001 1071 825X</subfield>
    <subfield code="0">(viaf)76607798</subfield>
    <subfield code="e">aut</subfield>
    <subfield code="9">472218</subfield>
  </datafield>
  <datafield tag="245" ind1="1" ind2="0">
    <subfield code="a">C&#xE1;lculo de una variable : trascendentes tempranas. Volumen 1</subfield>
  </datafield>
  <datafield tag="250" ind1=" " ind2=" ">
    <subfield code="a">4. edici&#xF3;n</subfield>
  </datafield>
  <datafield tag="260" ind1=" " ind2=" ">
    <subfield code="a">M&#xE9;xico :</subfield>
    <subfield code="b">McGraw-Hill Interamericana,</subfield>
    <subfield code="c">2011.</subfield>
  </datafield>
  <datafield tag="300" ind1=" " ind2=" ">
    <subfield code="a">xxiv, v1 (546 p.) + Respuestas de los problemas (46 p.) + 1 Indice tem&#xE1;tico (8 p.) : il., v2 (547-896 p.) : il. + Formulas (12 p.), + Respuestas de los problemas (14 p.) + 1 Indice anal&#xED;tico (8 p.)</subfield>
  </datafield>
  <datafield tag="505" ind1=" " ind2=" ">
    <subfield code="a">CONTENIDO: Ap&#xE9;ndice. -- Formulas matem&#xE1;ticas. -- Respuestas de los problemas impares seleccionados de cada uno de los cap&#xED;tulos. --&#xCD;ndice anal&#xED;tico.</subfield>
  </datafield>
  <datafield tag="650" ind1=" " ind2="7">
    <subfield code="a">C&#xE1;lculo</subfield>
    <subfield code="2">lemb</subfield>
    <subfield code="9">43718</subfield>
  </datafield>
  <datafield tag="650" ind1=" " ind2="7">
    <subfield code="a">Derivadas (Matem&#xE1;ticas)</subfield>
    <subfield code="2">lemb</subfield>
    <subfield code="9">68735</subfield>
  </datafield>
  <datafield tag="650" ind1=" " ind2="7">
    <subfield code="a">Integrales</subfield>
    <subfield code="2">lemb</subfield>
    <subfield code="9">690</subfield>
  </datafield>
  <datafield tag="650" ind1=" " ind2="7">
    <subfield code="a">Ecuaciones diferenciales</subfield>
    <subfield code="2">lemb</subfield>
    <subfield code="9">4620</subfield>
  </datafield>
  <datafield tag="650" ind1=" " ind2="7">
    <subfield code="a">C&#xE1;lculo</subfield>
    <subfield code="2">lemb</subfield>
    <subfield code="9">43718</subfield>
  </datafield>
  <datafield tag="700" ind1="1" ind2="0">
    <subfield code="a">Wright, Warren S.</subfield>
    <subfield code="4">aut</subfield>
    <subfield code="e">aut</subfield>
    <subfield code="9">638863</subfield>
  </datafield>
  <datafield tag="700" ind1="1" ind2="0">
    <subfield code="a">Villag&#xF3;mez Vel&#xE1;zquez, Hugo</subfield>
    <subfield code="4">trl</subfield>
    <subfield code="0">(viaf) 24393911</subfield>
    <subfield code="e">trl</subfield>
    <subfield code="9">576811</subfield>
  </datafield>
  <datafield tag="700" ind1="1" ind2="0">
    <subfield code="a">Nagore C&#xE1;zares, Gabriel</subfield>
    <subfield code="4">trl</subfield>
    <subfield code="e">trl</subfield>
    <subfield code="9">300965</subfield>
  </datafield>
  <datafield tag="787" ind1="0" ind2="8">
    <subfield code="i">Disponible en otros formatos</subfield>
    <subfield code="t">C&#xE1;lculo de una variable : trascendentes tempranas</subfield>
    <subfield code="d">2011</subfield>
    <subfield code="b">4. ed.</subfield>
    <subfield code="w">1325533</subfield>
  </datafield>
  <datafield tag="856" ind1="4" ind2=" ">
    <subfield code="u">http://aplicacionesbiblioteca.udea.edu.co:2048/login?url=http://www.ebooks7-24.com/?il=624</subfield>
  </datafield>
  <datafield tag="942" ind1=" " ind2=" ">
    <subfield code="c">BOOK</subfield>
  </datafield>
  <datafield tag="999" ind1=" " ind2=" ">
    <subfield code="c">594570</subfield>
    <subfield code="d">594570</subfield>
  </datafield>
  <datafield tag="952" ind1=" " ind2=" ">
    <subfield code="0">0</subfield>
    <subfield code="1">0</subfield>
    <subfield code="2">ddc</subfield>
    <subfield code="4">0</subfield>
    <subfield code="7">0</subfield>
    <subfield code="8">GEN</subfield>
    <subfield code="a">BC</subfield>
    <subfield code="b">BC</subfield>
    <subfield code="d">2011-11-25</subfield>
    <subfield code="e">Benedetti</subfield>
    <subfield code="g">110000.00</subfield>
    <subfield code="i">C1131753</subfield>
    <subfield code="l">10</subfield>
    <subfield code="m">4</subfield>
    <subfield code="o">515.15 Z69 2011 v1</subfield>
    <subfield code="p">01065940</subfield>
    <subfield code="r">2025-03-12 10:57:42</subfield>
    <subfield code="s">2025-01-31</subfield>
    <subfield code="t">1</subfield>
    <subfield code="w">2023-05-01</subfield>
    <subfield code="y">BOOK</subfield>
  </datafield>
  <datafield tag="952" ind1=" " ind2=" ">
    <subfield code="0">0</subfield>
    <subfield code="1">0</subfield>
    <subfield code="2">ddc</subfield>
    <subfield code="4">0</subfield>
    <subfield code="7">0</subfield>
    <subfield code="8">GENERAL</subfield>
    <subfield code="a">CARME</subfield>
    <subfield code="b">CARME</subfield>
    <subfield code="d">2019-03-19</subfield>
    <subfield code="e">Mcgraw Hill</subfield>
    <subfield code="f">COMP</subfield>
    <subfield code="g">83000.00</subfield>
    <subfield code="i">C1309043</subfield>
    <subfield code="l">0</subfield>
    <subfield code="o">515.15 Z69 2011 v1</subfield>
    <subfield code="p">01067897</subfield>
    <subfield code="r">2023-05-01 00:00:00</subfield>
    <subfield code="t">2</subfield>
    <subfield code="w">2023-05-01</subfield>
    <subfield code="y">BOOKR</subfield>
  </datafield>
  <datafield tag="952" ind1=" " ind2=" ">
    <subfield code="0">0</subfield>
    <subfield code="1">0</subfield>
    <subfield code="2">ddc</subfield>
    <subfield code="4">0</subfield>
    <subfield code="7">0</subfield>
    <subfield code="8">GENERAL</subfield>
    <subfield code="a">CARME</subfield>
    <subfield code="b">CARME</subfield>
    <subfield code="d">2019-04-11</subfield>
    <subfield code="e">Mcgraw Hill</subfield>
    <subfield code="f">COMP</subfield>
    <subfield code="g">110000.00</subfield>
    <subfield code="i">C1312700</subfield>
    <subfield code="l">0</subfield>
    <subfield code="o">515.15 Z69 2011 v1 e2</subfield>
    <subfield code="p">01050367</subfield>
    <subfield code="r">2023-05-01 00:00:00</subfield>
    <subfield code="t">3</subfield>
    <subfield code="w">2023-05-01</subfield>
    <subfield code="y">BOOKR</subfield>
  </datafield>
</record>
